000 nam a22 a 4500
999 _c1037
_d1037
003 AKMAL
005 20170508111341.0
008 170508s1991 my a00 may d
020 _a9836220550 (jil. I):
_cRM15.00
020 _a9836222952 (jil. II):
_cRM15.00
020 _a9836222782 (jil. III):
_cRM15.00
020 _a9836225145 (jil. IV):
_cRM15.00
039 9 _a200807011220
_brfid1
_c200807011220
_drfid1
_c200503151155
_djalil
040 _aAKMAL
_cAKMAL
041 1 _amayeng
049 _amal
082 0 4 _a297.19785 AFZ
090 _a297.19785
_bAFZ
090 2 _a297.19785
_bAFZ
100 _aAfzal-ur-Rahman
_92173
245 1 0 _aDoktrin ekonomi Islam /
_cAfzal-ur-Rahman
260 _aKuala Lumpur :
_bDewan Bahasa dan Pustaka,
_c1991
300 _a4 Jil. ;
_c22cm
500 _aTerjemahan dari: Economic doctrines of Islam, 3rd ed. Lahore: Islamic Publication, 1980
504 _aMengandungi rujukan bibliografi
505 0 _aKandungan : jil 1/penterjemah Mustafa Kassim - jil. 11 -111 - Zaharah Salleh - jil.IV - Osman Ahmad dan Mazni Othman
521 _aPeringkat pembaca: Dewasa
650 _aEconomics
_xReligious aspects
_xIslam
_92144
650 _aIslam
_xEconomic aspects
_934
700 0 _aOsman Ahamad
_92174
700 0 _aMazni Othman
_92175
942 _2ddc
_cBOOK